| 000 | 00937nam a2200241Ia 4500 | ||
|---|---|---|---|
| 003 | OSt | ||
| 005 | 20220923212306.0 | ||
| 006 | a|||||r|||| 00| 0 | ||
| 007 | ta | ||
| 008 | 220922b |||||||| |||| 00| 0 hin d | ||
| 024 | _a152,052 | ||
| 037 | _cTextual | ||
| 040 |
_aARTS _cARTS _bhin |
||
| 041 |
_2hin _ahin |
||
| 082 | _aO111:4k, 152N2-;1 RR(FAL) | ||
| 100 |
_aचतुर्वेदी, महेन्द्र; बाली, तारकनाथ _9162356 |
||
| 245 | 0 | _aसाहित्यिक पारिभाषिक शब्दकोश | |
| 246 | _aSāhityik pāribhāṣhik shabdakosha | ||
| 260 |
_aदिल्ली _b बुक्स एण्ड बुक्स _c1992 |
||
| 300 |
_a383 पृ. _ccm. |
||
| 942 |
_hO111:4k, 152N2-;1 RR(FAL) _cTEXL _2CC |
||
| 999 |
_c307724 _d307724 |
||